Prínosy a riziká liberalizácie tzv. cezhraničných finančných služieb v SR v súvislosti s rokovaním o vstupe SR do OECD a budúcim kolom rokovaní vo WTO (rozšírená verzia)

Na minha lista:
Detalhes bibliográficos
Autor principal: Gabrielová, Herta
Outros Autores: Staněk, Peter, Kostolanský, Rudolf
Formato: Livro
Idioma:eslovaco
Publicado em: Bratislava Ústav slovenskej a svetovej ekonomiky SAV 2000
Assuntos:
Tags: Adicionar Tag
Sem tags, seja o primeiro a adicionar uma tag!

MARC

LEADER 00000nam a2200000 4500
001 0122919
005 20240111125238.4
041 0 |a slo 
044 |a SK 
245 1 0 |a Prínosy a riziká liberalizácie tzv. cezhraničných finančných služieb v SR v súvislosti s rokovaním o vstupe SR do OECD a budúcim kolom rokovaní vo WTO (rozšírená verzia)  |c vedúca úlohy Herta Gabrielová 
264 1 |a Bratislava  |b Ústav slovenskej a svetovej ekonomiky SAV  |c 2000 
300 |a 143 s. 
610 2 0 |a liberalizácia 
610 2 0 |a financie medzinárodné 
610 2 0 |a liberalizmus 
610 2 0 |a spolupráca cezhraničná 
610 2 0 |a služby finančné 
610 2 0 |a Slovensko 
610 2 0 |a OECD 
100 1 |a Gabrielová, Herta 
700 1 |a Staněk, Peter 
700 1 |a Kostolanský, Rudolf